ბათუმის შოთა რუსთაველის სახელმწიფო უნივერსიტეტის ბიბლიოთეკა

Пространства римановых поверхностей и квазиконфортные отображения (ბიბ.ჩანაწერი № 47900)

000 -LEADER
fixed length control field 00815nam a2200205Ia 4500
001 - CONTROL NUMBER
control field 14777
003 - CONTROL NUMBER IDENTIFIER
control field GE_BSU
008 - FIXED-LENGTH DATA ELEMENTS--GENERAL INFORMATION
fixed length control field 181216s||||||||xx |||||||||||||| ||und||
040 ## - CATALOGING SOURCE
Transcribing agency GE_BSU
080 ## - UNIVERSAL DECIMAL CLASSIFICATION NUMBER
Universal Decimal Classification number 517,53/55
100 ## - MAIN ENTRY--PERSONAL NAME
Personal name Альфорс, Ларс.
245 ## - TITLE STATEMENT
Title Пространства римановых поверхностей и квазиконфортные отображения
245 ## - TITLE STATEMENT
Statement of responsibility, etc. Пер. с английского В.А. Зорича и А.А. Кириллова. Под. ред. Б. В. Шабата.
260 ## - PUBLICATION, DISTRIBUTION, ETC.
Place of publication, distribution, etc. Москва
260 ## - PUBLICATION, DISTRIBUTION, ETC.
Name of publisher, distributor, etc. Изд-во иностр. лит-ры
260 ## - PUBLICATION, DISTRIBUTION, ETC.
Date of publication, distribution, etc. 1961
300 ## - PHYSICAL DESCRIPTION
Extent 176стр.20см.
653 ## - INDEX TERM--UNCONTROLLED
Uncontrolled term пространства римановых поверхностей и квазиконфортные отображения
942 ## - ADDED ENTRY ELEMENTS (KOHA)
Koha item type წიგნი

არაა ხელმისაწვდომი ეგზემპლარები.